Statistiques concernant Les 20 capitales les plus proches de Tunis

Cliquez ici pour prendre le quiz!

Statistiques générales

  • Ce quiz a été pris 49 fois
  • Le résultat moyen est 14 sur 20

Statistiques - réponses

Distance Capitale % Correct
320Tripoli
98%
635Alger
98%
601Rome
91%
1 271Madrid
88%
401La Valette
84%
1 204Athènes
79%
1 113Zagreb
77%
1 238Belgrade
72%
601Vatican
72%
817Saint-Marin
70%
1 151Berne
67%
972Tirana
67%
1 050Sarajevo
67%
806Monaco
67%
1 151Vaduz
58%
1 143Pristina
58%
998Podgorica
56%
975Andorre-la-Vieille
51%
1 125Skopje
49%
1 091Ljubljana
37%

Distribution des résultats

Percentile by Number Answered

% des personnes avec chaque résultat

Votre développement - résultats

Vous n’avez pas pris ce quiz